000 01075nam a22003377a 4500
003 CHAP
005 20220329134452.0
008 971013s1983 r 00010 d
010 _a20824
011 _a21796
035 _a25887
040 _cCHAP
082 _a901
_bA7Y 1964
100 0 0 _aAron, Raymond.
_97330
245 _aDimensiones de la conciencia histórica
260 _aMéxico, D.F. :
_bECE,
_c1983
300 _a328 p
490 _aColección popular
_v; 222
500 _aTrad. de la 2 ed. en francés de 1964
590 _aBATCH-UPD
_b10
_c20130110
_lUCH01
_h0237
590 _aBATCH-UPD
_b10
_c20130110
_lUCH01
_h1711
590 _aBATCH-UPD
_b10
_c20130409
_lUCH01
_h2303
590 _aBATCH-UPD
_b10
_c20130410
_lUCH01
_h1307
590 _aBATCH-UPD
_b10
_c20130914
_lUCH01
_h0358
590 _aCONVERSION
_b10
_c20130109
_lUCH01
_h1312
650 1 4 _aHistoria
_xFilosofía.
_955604
830 0 _aColección popular
_v; 222
_924953
901 _aBK
942 _cLIBRO
949 _a901 A7Y 1964
_bBC
_cLIBRO
_d33724000257135
_eLIBRO
_gI.C/E
_h64226
_i25887
_si
_t844.00
999 _c20824
_d20824